Statistics for Translating French Words

Click here to take the quiz!

General Stats

  • This quiz has been taken 54 times
    (46 since last reset)
  • The average score is 5 of 9

Answer Stats

FrenchEnglish% Correct
MangerEat
97%
BonGood
97%
CouleurColour/Color
95%
QuoiWhat
81%
BonbonCandy
78%
GemmeGem
41%
SuperieurUpper
8%
HeHey
5%
PleurageWow
3%

Score Distribution

Percentile by Number Answered

Percent of People with Each Score

Your Score History

You have not taken this quiz since the last reset